Szczegóły MARC21

Bribery and corruption : how to be an impeccable and profitable corporate citizen /

005 -DATA I CZAS OSTATNIEJ MODYFIKACJI [,]
    • @
    • pole kontrolne
    • 20140114083239.0
020 -Międzynarod. znormalizowany nr książki - ISBN [ , ]
    • a
    • Numer ISBN
    • 9781409453574 Find
020 -Międzynarod. znormalizowany nr książki - ISBN [ , ]
    • a
    • Numer ISBN
    • 9781409453581 Find
020 -Międzynarod. znormalizowany nr książki - ISBN [ , ]
    • a
    • Numer ISBN
    • 9781472404527 Find
040 -Instytucja sporządzająca opis [ , ]
    • a
    • Instytucja, która sporządziła opis (NP)
    • SZCZ U/SA
    • c
    • Instytucja, która sporządziła rekord (NP)
    • SZCZ U/SA
    • d
    • Instytucja, która zmodyfikowała rekord (P)
    • SZCZ U/ML
041 -Język dokumentu [0, ]
    • a
    • Język tekstu (P)
    • angielski
044 -Kraj miejsca wydania [ , ]
    • a
    • Kraj miejsca wydania
    • Wielka Brytania
    • a
    • Kraj miejsca wydania
    • USA
942 -Rodzaj dokumentu [ , ]
    • c
    • Rodzaj dokumentu
    • Książka
100 -Hasło główne - nazwa osobowa [1, ]
    • 9
    • KHW
    • 66163
    • a
    • Nazwa osobowa (NP)
    • Comer, Michael J.
245 -Strefa tytułu i oznaczenia odpowiedzialności [1,0]
    • a
    • Tytuł
    • Bribery and corruption : Find
    • b
    • Ciąg dalszy tytułu (NP)
    • how to be an impeccable and profitable corporate citizen / Find
    • c
    • Pozostałe elementy strefy tytułu i oznaczenia odpowiedzialności (NP)
    • Michael J. Comer, Timothy E. Stephens.
260 -Strefa adresu wydawniczego [ , ]
    • a
    • Miejsce wydania (P)
    • Farnham ;
    • a
    • Miejsce wydania (P)
    • Burlington :
    • b
    • Nazwa wydawcy (P)
    • Gower,
    • c
    • Data wydania (P)
    • cop. 2013.
300 -Strefa opisu fizycznego [ , ]
    • a
    • Określenie formy książki i/lub objętość (NP)
    • XXIII, 882 [3] s. :
    • b
    • Oznaczenie ilustracji (NP)
    • il. ;
    • c
    • Format (NP)
    • 25 cm.
504 -Uwaga dot. bibliogr. załącznikowej [ , ]
    • a
    • Uwaga dot. bibliografii załącznikowej
    • Indeks.
080 -Uniwersalna Klasyfikacja Dziesiętna [ , ]
    • 2
    • Identyfikator wydania tablic
    • UDC-P058
    • 9
    • UKD
    • 2919
    • a
    • Symbol klasyfikacji
    • 328.18
    • b
    • Dopowiedzenie
    • Stosunki między parlamentami, rządami, administracją, gospodarką i opinią publiczną. Grupy nacisku. Lobby. Korupcja. Protekcja. Nepotyzm.
    • 4
    • UKD2
    • 7644
    • x
    • Poddział wspólny
    • =111
    • c
    • Dopowiedzenie poddz. wspólnego
    • =Język angielski.
080 -Uniwersalna Klasyfikacja Dziesiętna [ , ]
    • 2
    • Identyfikator wydania tablic
    • UDC-P058
    • 9
    • UKD
    • 3474
    • a
    • Symbol klasyfikacji
    • 343.35
    • b
    • Dopowiedzenie
    • Przestępstwa przeciw władzom publicznym. Przekupstwo. Łapownictwo. Korupcja. Nadużycie władzy. Naruszenie tajemnicy służbowej. Przestępstwa podatkowe, skarbowe.
    • 4
    • UKD2
    • 7644
    • x
    • Poddział wspólny
    • =111
    • c
    • Dopowiedzenie poddz. wspólnego
    • =Język angielski.
080 -Uniwersalna Klasyfikacja Dziesiętna [ , ]
    • 2
    • Identyfikator wydania tablic
    • UDC-P058
    • 9
    • UKD
    • 3428
    • a
    • Symbol klasyfikacji
    • 342.56
    • b
    • Dopowiedzenie
    • Władza sądownicza. Trybunały Konstytucyjne. Trybunał Stanu.
    • 4
    • UKD2
    • 7644
    • x
    • Poddział wspólny
    • =111
    • c
    • Dopowiedzenie poddz. wspólnego
    • =Język angielski.
980 -Symbol UKD [ , ]
    • a
    • UKD
    • 328.18:343.35:342.56]=111
700 -Hasło dodatkowe - nazwa osobowa [1, ]
    • 9
    • KHW
    • 66165
    • a
    • Nazwa osobowa (NP)
    • Stephens, Timothy E. Find
    • d
    • Daty biograficzne (NP)
    • ( -2012).
710 -Hasło dodatkowe - nazwa ciała zbiorowego [2, ]
    • 4
    • Kod relacji
    • pbl
    • 9
    • KHW
    • 66143
    • a
    • Nazwa ciała zbiorowego lub nazwa geograficzna jako pierwszy element (NP)
    • Gower Publishing.
920 -ISBN [ , ]
    • a
    • ISBN
    • 978-1-4094-5357-4 Find
920 -ISBN [ , ]
    • a
    • ISBN
    • 978-1-4094-5358-1 Find
920 -ISBN [ , ]
    • a
    • ISBN
    • 978-1-4724-0452-7 Find
Lokalizacja Data inwentaryzacji Numer inwentarzowy Status udost.
T2013-12-09T.13917-2
T2014-03-05TM.10755-2